Les plus gros succès du box-office mondial - Statistiques

Statistiques générales
  • Ce quiz a été pris 95 fois
  • Le résultat moyen est 23 sur 50
Statistiques - réponses
Recettes Film % Correct
2 2 790 439 000 $ Avatar
92%
3 2 194 439 542 $ Titanic
90%
1 2 797 800 564 $ Avengers: Endgame
85%
5 2 048 359 754 $ Avengers: Infinity War
82%
11 1 402 805 868 $ Avengers : L'Ère d'Ultron
82%
8 1 518 812 988 $ Avengers
81%
36 1 056 057 273 $ Rogue One: A Star Wars Story
76%
42 1 027 082 707 $ Star Wars, épisode I : La Menace fantôme
76%
32 1 074 144 248 $ Star Wars, épisode IX : L'Ascension de Skywalker
76%
14 1 332 539 889 $ Star Wars, épisode VIII : Les Derniers Jedi
76%
4 2 068 223 624 $ Star Wars, épisode VII : Le Réveil de la Force
76%
47 978 087 613 $ Harry Potter à l'école des sorciers
67%
13 1 341 932 398 $ Harry Potter et les Reliques de la Mort : Partie 2
67%
20 1 214 811 252 $ Iron Man 3
67%
24 1 131 927 996 $ Spider-Man: Far From Home
65%
46 1 004 934 033 $ The Dark Knight : Le Chevalier noir
61%
30 1 081 041 287 $ The Dark Knight Rises
61%
27 1 120 424 614 $ Le Seigneur des anneaux : Le Retour du roi
53%
22 1 153 296 293 $ Captain America: Civil War
52%
16 1 280 802 282 $ La Reine des neiges
51%
7 1 656 943 394 $ Le Roi lion
48%
49 968 511 805 $ Le Roi Lion
48%
12 1 346 913 161 $ Black Panther
47%
9 1 515 047 671 $ Fast and Furious 7
47%
19 1 236 005 118 $ Fast and Furious 8
47%
10 1 450 026 933 $ La Reine des neiges 2
47%
6 1 670 400 637 $ Jurassic World
33%
38 1 045 713 802 $ Pirates des Caraïbes : La Fontaine de Jouvence
33%
35 1 066 179 725 $ Pirates des Caraïbes : Le Secret du coffre maudit
33%
25 1 128 274 794 $ Captain Marvel
32%
15 1 308 467 944 $ Jurassic World: Fallen Kingdom
32%
28 1 108 561 013 $ Skyfall
32%
34 1 066 969 703 $ Toy Story 3
32%
33 1 073 394 593 $ Toy Story 4
32%
37 1 050 693 953 $ Aladdin
29%
40 1 030 314 141 $ Jurassic Park
28%
45 1 017 003 568 $ Le Hobbit : Un voyage inattendu
28%
23 1 148 161 807 $ Aquaman
24%
17 1 263 521 126 $ La Belle et la Bête
23%
31 1 074 251 311 $ Joker
19%
26 1 123 794 079 $ Transformers 3 : La Face cachée de la Lune
18%
29 1 104 054 072 $ Transformers : L'Âge de l'extinction
18%
43 1 025 467 110 $ Alice au pays des merveilles
16%
41 1 028 570 889 $ Le Monde de Dory
15%
18 1 242 805 359 $ Les Indestructibles 2
15%
21 1 159 398 397 $ Les Minions
15%
50 966 550 600 $ Le Livre de la jungle
14%
48 970 766 005 $ Moi, Moche et Méchant 2
11%
39 1 034 799 409 $ Moi, moche et méchant 3
11%
44 1 023 784 195 $ Zootopie
9%
Aucun quiz correspondant
Distribution des résultats
% des personnes avec chaque résultat
Percentile par nombre de réponses
Votre historique - résultats
Vous n’avez pas pris ce quiz